000 00765nam a22001817a 4500
003 UA-OsUOA
001 16292
007 ta
008 20031224b un ||||| |||| 00| 0 ukr d
100 _aГаврилюк Н.
942 _cSA
040 _aUA-OsUOA
_cUA-OsUOA
_dUA-OsUOA
245 _aГоловне турбота про людей
_b[Про роботу Рівнен. терит. Центру мед.-соц. обслуговування та реабілітації інвалідів розповідає дир. центру Н.Гаврилюк]/ Розмовляв Д.Самородов
300 _aС.7
955 _a0
773 0 _w0
_tНова Волинь
_dРівне
_d2003
_g№49/ 27 листоп./
650 7 _aКраєзнавча робота
_2UDC
999 _c302457
_d302457